Use of the Videocoference in the International Cooperation of High Schools

Saved in:
Bibliographic Details
Main Author: Kultan, Jaroslav, 1960-
Format: Book Chapter
Language:English
Tags: Add Tag
No Tags, Be the first to tag this record!

MARC

LEADER 00000naa$a2200000$$$4500
001 0102016
005 20240502083246.4
041 0 |a eng 
044 |a UA 
245 1 0 |a Use of the Videocoference in the International Cooperation of High Schools  |c Jaroslav Kultan 
100 1 |a Kultan, Jaroslav, 1960-